| 000 | 00972cam0 22003011ib4500 | ||
|---|---|---|---|
| 001 | BY-MI0013-br433262 | ||
| 005 | 20211222141822.0 | ||
| 100 | ^a20160325d2013 y0rusy50 ca | ||
| 101 | ^arus | ||
| 102 | ^aRU | ||
| 105 | ^aa z 000yy | ||
| 109 | ^ama | ||
| 200 | 1 |
^aЯ захватываю замок ^bТекст ^fОрлова,О. пер ^gДоди Смит ^gпер.с англ.О.Орловой |
|
| 210 |
^aМ. ^cАСТ ^d2013 |
||
| 215 | ^a478,[3]с. | ||
| 610 | 0 | ^aЛЮБОВНАЯ ТЕМА | |
| 610 | 0 | ^aТЭМА КАХАННЯ | |
| 686 |
^a84(4Вел) ^v2 ^2rubbk |
||
| 686 |
^aХЛ ^v4 ^2rugasnti |
||
| 690 |
^a1 ^2Base ^9BY-MI0013 ^xRSEK |
||
| 700 | 1 |
^aСмит ^bД. |
|
| 702 | 1 |
^aОрлова ^bО. ^4730 |
|
| 801 | 0 |
^aBY ^bBY-MI0013 ^c20160325 ^gpsbo |
|
| 801 | 2 |
^aBY ^bBY-MI0013 ^c20190522 ^gpsbo |
|
| 899 |
^aBY-MI0013 ^h84(4Вел) ^iС50 |
||
| 035 | ^a(BY-MI0013)BY-MI0013-br433262 | ||